La guerra de los cien años
Uloženo v:
| Hlavní autor: | |
|---|---|
| Médium: | Kniha |
| Jazyk: | španělština |
| Vydáno: |
Barcelona
Crítica
1990
|
| Edice: | Historia Medieval
|
| Témata: | |
| Tagy: |
Přidat tag
Žádné tagy, Buďte první, kdo vytvoří štítek k tomuto záznamu!
|
MARC
| LEADER | 00000nam a2200000 a 4500 | ||
|---|---|---|---|
| 001 | UCN7704 | ||
| 003 | CL-VaPUC | ||
| 008 | 011026e19900000SP |||||||||||||||||spa|d | ||
| 082 | 0 | 4 | |a 944.025 |b ALL |2 21 |
| 100 | 0 | |a Allmand, Christopher |e author |9 463699 | |
| 245 | 1 | 3 | |a La guerra de los cien años |
| 300 | |a 288 p | ||
| 942 | |c BK | ||
| 945 | |d 20011026 00:00:00 |a vberengu | ||
| 260 | |a Barcelona |b Crítica |c 1990 | ||
| 600 | 0 | 7 | |a CARLOS V |2 CL-VaPUC |9 349626 |
| 600 | 0 | 7 | |a LANCASTER |2 CL-VaPUC |9 442363 |
| 600 | 0 | 7 | |a JUANA DE ARCO |2 CL-VaPUC |9 442364 |
| 600 | 0 | 7 | |a EDUARDO I |2 CL-VaPUC |9 435475 |
| 650 | 0 | |a Historia de Francia |9 336927 | |
| 650 | 7 | |a GUERRA DE LOS CIEN AÑOS |2 CL-VaPUC |9 440748 | |
| 650 | 7 | |a HISTORIA SIGLOS 14-15 |2 CL-VaPUC |9 315229 | |
| 651 | 0 | |a Francia |9 255157 | |
| 651 | 0 | |a Inglaterra |9 255158 | |
| 583 | |a last modification |c 20011026 00:00:00 |k Rodrigo Vera | ||
| 490 | 0 | |a Historia Medieval | |
| 999 | |c 297917 |d 297915 | ||
| 952 | |0 0 |1 0 |4 0 |6 944_025000000000000_ALL_1990 |7 0 |8 A |9 352970 |a BIBHIS |b BIBHIS |d 2019-11-21 |i 3765024 |o 944.025 ALL 1990 |p 3765024 |r 2025-01-20 |w 2019-11-21 |y BK |k HIS | ||